Normal view
MARC view
Entry Personal Name
001 - CONTROL NUMBER
- control field: 83
003 - CONTROL NUMBER IDENTIFIER
- control field: pouhg
005 - DATE AND TIME OF LATEST TRANSACTION
- control field: 20110928090448.0
008 - FIXED-LENGTH DATA ELEMENTS
- fixed length control field: 110928|||a|||||| | ||| d
040 ## - CATALOGING SOURCE
- Original cataloging agency: pouhg
- Transcribing agency: pouhg
100 ## - HEADING--PERSONAL NAME
- Personal name: George, Darren.
670 ## - SOURCE DATA FOUND
- Source citation: Work cat.: (pouhg)0: George, Darren., SPSS for Windows step by step :, c2011.